Suomalaiset NHL-pelaajat 1990-luvulla - Statistics

Yleistilastot
  • Tätä visaa on pelattu 443 kertaa
    355 viimeisimmän päivityksen jälkeen
  • Keskiarvotulos 35 / 47
Vastaustilastot
Hint Vastaus % Oikein
Hyökkääjä Teemu Selänne
98%
Hyökkääjä Saku Koivu
96%
Hyökkääjä Jari Kurri
95%
Hyökkääjä Esa Tikkanen
92%
Puolustaja Teppo Numminen
92%
Maalivahti Jarmo Myllys
91%
Hyökkääjä Jere Lehtinen
88%
Hyökkääjä Sami Kapanen
88%
Hyökkääjä Ville Peltonen
86%
Hyökkääjä Christian Ruuttu
85%
Puolustaja Jyrki Lumme
85%
Puolustaja Marko Kiprusoff
84%
Hyökkääjä Olli Jokinen
84%
Puolustaja Kimmo Timonen
82%
Hyökkääjä Jarkko Ruutu
81%
Puolustaja Reijo Ruotsalainen
80%
Puolustaja Sami Salo
80%
Puolustaja Aki Berg
79%
Hyökkääjä Juha Ylönen
76%
Maalivahti Kari Takko
76%
Hyökkääjä Janne Ojanen
75%
Puolustaja Janne Niinimaa
73%
Puolustaja Jere Karalahti
73%
Hyökkääjä Petri Skriko
72%
Hyökkääjä Antti Aalto
71%
Hyökkääjä Ilkka Sinisalo
71%
Hyökkääjä Mikko Mäkelä
71%
Hyökkääjä Antti Törmänen
70%
Puolustaja Peter Ahola
69%
Hyökkääjä Kai Nurminen
65%
Hyökkääjä Mikko Eloranta
65%
Puolustaja Sami Helenius
65%
Hyökkääjä Vesa Viitakoski
65%
Hyökkääjä Juha Lind
64%
Hyökkääjä Marko Tuomainen
64%
Hyökkääjä Mika Alatalo
64%
Hyökkääjä Jarmo Kekäläinen
63%
Hyökkääjä Marko Jantunen
63%
Hyökkääjä Antti Laaksonen
62%
Puolustaja Janne Laukkanen
62%
Hyökkääjä Jarkko Varvio
62%
Hyökkääjä Petri Varis
62%
Puolustaja Tuomas Grönman
62%
Puolustaja Ville Sirén
61%
Puolustaja Jari Grönstrand
60%
Hyökkääjä Miika Elomo
60%
Hyökkääjä Iiro Järvi
53%
Ehtoja vastaavia visoja ei löytynyt
Tulosjakauma
Jokaisen tuloksen saaneiden osuus
Persentiili vastausten määrän mukaan
Tuloshistoriasi
Et ole pelannut tätä visaa sen viimeisimmän päivityksen jälkeen